The Impact of Macroeconomic Announcements on Emerging Market Bonds /

This paper examines how emerging bond markets react to macroeconomic announcements. Global bond spreads respond to rating actions and changes in global interest rates rather than domestic data and policy announcements. All announcements affect market volatility. Data and policy announcements reduce...

Повний опис

Бібліографічні деталі
Автор: Andritzky, Jochen
Інші автори: Bannister, Geoffrey, Tamirisa, Natalia
Формат: Журнал
Мова:English
Опубліковано: Washington, D.C. : International Monetary Fund, 2005.
Серія:IMF Working Papers; Working Paper ; No. 2005/083
Онлайн доступ:Full text available on IMF
LEADER 01948cas a2200265 a 4500
001 AALejournalIMF008796
008 230101c9999 xx r poo 0 0eng d
020 |c 5.00 USD 
020 |z 9781451861020 
022 |a 1018-5941 
040 |a BD-DhAAL  |c BD-DhAAL 
100 1 |a Andritzky, Jochen. 
245 1 4 |a The Impact of Macroeconomic Announcements on Emerging Market Bonds /  |c Jochen Andritzky, Geoffrey Bannister, Natalia Tamirisa. 
264 1 |a Washington, D.C. :  |b International Monetary Fund,  |c 2005. 
300 |a 1 online resource (31 pages) 
490 1 |a IMF Working Papers 
500 |a <strong>Off-Campus Access:</strong> No User ID or Password Required 
500 |a <strong>On-Campus Access:</strong> No User ID or Password Required 
506 |a Electronic access restricted to authorized BRAC University faculty, staff and students 
520 3 |a This paper examines how emerging bond markets react to macroeconomic announcements. Global bond spreads respond to rating actions and changes in global interest rates rather than domestic data and policy announcements. All announcements affect market volatility. Data and policy announcements reduce uncertainty and stabilize the trading environment, while rating actions cause greater volatility. Results are broadly robust to country-specific and panel analyses, assuming conditional variance and controlling for the surprise content of news. In subsamples, announcements are found to matter less for countries with more transparent policies and higher credit ratings. In a crisis, rating actions become less important, and investors focus more on simple and timely indicators, like CPI. 
538 |a Mode of access: Internet 
700 1 |a Bannister, Geoffrey. 
700 1 |a Tamirisa, Natalia. 
830 0 |a IMF Working Papers; Working Paper ;  |v No. 2005/083 
856 4 0 |z Full text available on IMF  |u http://elibrary.imf.org/view/journals/001/2005/083/001.2005.issue-083-en.xml  |z IMF e-Library